000 00339nam a22001457a 4500
008 210531b ||||| |||| 00| 0 eng d
020 _a2900618372132
041 _aeng
080 _22nd
_a510
082 _a510
100 _a36
101 _aMAT
245 _aFinite Mathematics and Applied Calculus
_cBerresford,G.C
942 _2udc
_cBK
999 _c57822
_d57822